[Event "Alberta-ch"]
[Site "Calgary  CAN"]
[Date "2021.07.31"]
[Round "1"]
[White "Banerjee, Bitan"]
[Black "Ng, Gary"]
[Result "1-0"]
[WhiteElo "2400"]
[BlackElo "2325"]
[PlyCount "71"]
[EventDate "2021.07.31"]
[EventType "tourn"]
[EventRounds "5"]
[EventCountry "CAN"]

1. d4 Nf6 2. c4 e6 3. Nf3 b6 4. g3 Ba6 5. b3 d5 6. Bg2 Be7 7. O-O O-O 8. Nc3 c5
9. cxd5 exd5 10. dxc5 bxc5 11. Ne5 Bb7 12. Bf4 Na6 13. Nc4 Qd7 14. Na5 Rfd8 15.
Nxb7 Qxb7 16. Rc1 Qd7 17. a3 Qe6 18. Re1 Rd7 19. e4 d4 20. Nd5 Rc8 21. b4 Rcd8
22. b5 Nb8 23. Bc7 Rc8 24. Nf4 Qa2 25. Bxb8 Rxb8 26. e5 Ne8 27. Bc6 Rdd8 28. e6
f6 29. Qh5 Nd6 30. Nd5 Re8 31. Bxe8 Rxe8 32. Nxe7+ Rxe7 33. Qxc5 Rxe6 34. Qxd4
Rxe1+ 35. Rxe1 Qxa3 36. Re6 1-0

[Event "Alberta-ch"]
[Site "Calgary  CAN"]
[Date "2021.07.31"]
[Round "1"]
[White "Malek, Omid"]
[Black "Haessel, Dale"]
[Result "0-1"]
[WhiteElo "2284"]
[BlackElo "1964"]
[PlyCount "98"]
[EventDate "2021.07.31"]
[EventType "tourn"]
[EventRounds "5"]
[EventCountry "CAN"]

1. d4 Nf6 2. Nc3 d5 3. Bf4 c6 4. e3 Bf5 5. Bd3 e6 6. Nf3 Bd6 7. O-O Qc7 8. Bxd6
Qxd6 9. Ne5 Nbd7 10. f4 Ne4 11. Bxe4 Bxe4 12. Nxe4 dxe4 13. c4 O-O 14. Qb1 f5
15. b4 Nxe5 16. fxe5 Qd7 17. a4 Rfc8 18. Qb3 b6 19. Rad1 Rd8 20. Rd2 Qe7 21.
Rfd1 Kh8 22. b5 c5 23. d5 exd5 24. Rxd5 Rxd5 25. Rxd5 Kg8 26. Qd1 Re8 27. Qd2
Qe6 28. a5 g5 29. a6 Re7 30. g3 Kf7 31. Qf2 Rd7 32. Qe2 Rxd5 33. cxd5 Qxd5 34.
Qh5+ Kf8 35. Qxh7 Qd1+ 36. Kg2 Qf3+ 37. Kg1 Qxe3+ 38. Kg2 Qd2+ 39. Kf1 Qc1+ 40.
Kg2 Qb2+ 41. Kf1 Qxb5+ 42. Kf2 Qb2+ 43. Kf1 Qa1+ 44. Kf2 Qa2+ 45. Kf1 Qxa6+ 46.
Kg2 Qa2+ 47. Kf1 Qa1+ 48. Kg2 Qxe5 49. Qxa7 e3 0-1

[Event "Alberta-ch"]
[Site "Calgary  CAN"]
[Date "2021.07.31"]
[Round "1"]
[White "Vasic, Maxim"]
[Black "Zhao, Ian"]
[Result "0-1"]
[WhiteElo "2145"]
[BlackElo "2300"]
[PlyCount "64"]
[EventDate "2021.07.31"]
[EventType "tourn"]
[EventRounds "5"]
[EventCountry "CAN"]

1. d4 Nf6 2. c4 e6 3. Nc3 Bb4 4. Qc2 O-O 5. a3 Bxc3+ 6. Qxc3 d5 7. Nf3 dxc4 8.
Qxc4 b6 9. g3 Ba6 10. Qc2 Nbd7 11. Bg2 c5 12. Ne5 cxd4 13. Nc6 Rc8 14. Qa4 Nc5
15. Qxa6 Rxc6 16. Qb5 Rc8 17. O-O Qe7 18. Ra2 Rfd8 19. Rd1 e5 20. a4 Qe6 21.
Ra3 a6 22. Qb4 Nd5 23. Qc4 a5 24. Bxd5 Rxd5 25. e3 Ne4 26. Qe2 Rdc5 27. Ra1 Rc2
28. Bd2 Rxb2 29. exd4 Nc3 30. Qxe5 Qxe5 31. dxe5 Nxd1 32. Rxd1 Rd8 0-1

[Event "Alberta-ch"]
[Site "Calgary  CAN"]
[Date "2021.07.31"]
[Round "2"]
[White "Haessel, Dale"]
[Black "Ng, Gary"]
[Result "0-1"]
[WhiteElo "1964"]
[BlackElo "2325"]
[PlyCount "78"]
[EventDate "2021.07.31"]
[EventType "tourn"]
[EventRounds "5"]
[EventCountry "CAN"]

1. d4 Nf6 2. Bf4 e6 3. e3 c5 4. Nd2 Nc6 5. Ngf3 d5 6. c3 Qb6 7. Qb3 c4 8. Qc2
Be7 9. e4 O-O 10. e5 Nd7 11. Ng5 Bxg5 12. Bxg5 f6 13. Be3 fxe5 14. dxe5 Qc7 15.
f4 Ndxe5 16. fxe5 Qxe5 17. Ke2 d4 18. Nxc4 Qh5+ 19. Ke1 dxe3 20. Qe2 Qg6 21.
Nxe3 e5 22. Qc2 e4 23. Bc4+ Kh8 24. Rf1 Bd7 25. Bd5 Qg5 26. Kd2 Bf5 27. Rae1
Rad8 28. c4 Ne5 29. Qc3 Nd3 30. Re2 Bg4 31. Rxf8+ Rxf8 32. Bxe4 Nc5 33. Bf3
Bxf3 34. gxf3 Rxf3 35. Qd4 Rf8 36. Rg2 Ne6 37. Rxg5 Nxd4 38. Kd3 Nf3 39. Rg2
Ne1+ 0-1

[Event "Alberta-ch"]
[Site "Calgary  CAN"]
[Date "2021.07.31"]
[Round "2"]
[White "Malek, Omid"]
[Black "Vasic, Maxim"]
[Result "1-0"]
[WhiteElo "2284"]
[BlackElo "2145"]
[PlyCount "77"]
[EventDate "2021.07.31"]
[EventType "tourn"]
[EventRounds "5"]
[EventCountry "CAN"]

1. d4 Nf6 2. Bg5 g6 3. Bxf6 exf6 4. e3 d5 5. g3 c6 6. Nd2 h5 7. h3 h4 8. g4 f5
9. Be2 Qf6 10. c3 Bd6 11. Qc2 a5 12. Bf3 O-O 13. Ne2 Re8 14. O-O-O b5 15. gxf5
Bxf5 16. e4 dxe4 17. Bxe4 Be6 18. Rhg1 Bxa2 19. Bxg6 Kf8 20. Bd3 Qh6 21. f4 a4
22. Rdf1 b4 23. Bc4 Bxc4 24. Nxc4 b3 25. Qd3 a3 26. bxa3 Bxa3+ 27. Kb1 Bd6 28.
Nc1 b2 29. Nxb2 Nd7 30. f5 Nf6 31. Re1 Reb8 32. Qc2 Nd5 33. c4 Ba3 34. Ncd3 Nb4
35. Qg2 Qh7 36. Ne5 Qxf5+ 37. Re4 Ke7 38. Rf1 Rg8 39. Ng6+ 1-0

[Event "Alberta-ch"]
[Site "Calgary  CAN"]
[Date "2021.07.31"]
[Round "2"]
[White "Zhao, Ian"]
[Black "Banerjee, Bitan"]
[Result "1/2-1/2"]
[WhiteElo "2300"]
[BlackElo "2400"]
[PlyCount "42"]
[EventDate "2021.07.31"]
[EventType "tourn"]
[EventRounds "5"]
[EventCountry "CAN"]

1. Nf3 d5 2. g3 c5 3. Bg2 Nc6 4. O-O e5 5. d3 Be7 6. e4 d4 7. a4 Be6 8. Na3 Nf6
9. Nd2 Nd7 10. f4 f6 11. Nf3 a6 12. Bd2 Rb8 13. Nc4 b5 14. axb5 axb5 15. Na5
Nxa5 16. Bxa5 Qc8 17. fxe5 fxe5 18. Ng5 Nf6 19. Nxe6 Qxe6 20. Rf5 Rb7 21. Bd2
O-O 1/2-1/2

[Event "Alberta-ch"]
[Site "Calgary  CAN"]
[Date "2021.08.01"]
[Round "3"]
[White "Banerjee, Bitan"]
[Black "Malek, Omid"]
[Result "1-0"]
[WhiteElo "2400"]
[BlackElo "2284"]
[PlyCount "65"]
[EventDate "2021.07.31"]
[EventType "tourn"]
[EventRounds "5"]
[EventCountry "CAN"]

1. d4 d5 2. c4 e6 3. Nf3 Nf6 4. g3 Be7 5. Bg2 O-O 6. O-O dxc4 7. Qc2 a6 8. a4
Bd7 9. Qxc4 Bc6 10. Bg5 Bd5 11. Qc2 Be4 12. Qc1 Nc6 13. Rd1 h6 14. Bxf6 Bxf6
15. e3 Nb4 16. Nc3 Bh7 17. e4 a5 18. Qf4 c6 19. Rac1 Qb6 20. Rd2 Rad8 21. Rcd1
Bg6 22. h4 Rd7 23. g4 Rfd8 24. h5 Bh7 25. e5 Be7 26. g5 hxg5 27. Nxg5 Bf5 28.
Bh3 f6 29. Bxf5 fxg5 30. Bxe6+ Kh8 31. Qf7 Rf8 32. Qg6 Qd8 33. h6 1-0

[Event "Alberta-ch"]
[Site "Calgary  CAN"]
[Date "2021.08.01"]
[Round "3"]
[White "Ng, Gary"]
[Black "Zhao, Ian"]
[Result "1/2-1/2"]
[WhiteElo "2325"]
[BlackElo "2300"]
[PlyCount "153"]
[EventDate "2021.07.31"]
[EventType "tourn"]
[EventRounds "5"]
[EventCountry "CAN"]

1. d4 Nf6 2. Bf4 d5 3. e3 e6 4. Nd2 c5 5. c3 Nc6 6. Ngf3 Be7 7. h3 Bd6 8. Bd3
O-O 9. O-O Bxf4 10. exf4 cxd4 11. Nxd4 Nxd4 12. cxd4 Qb6 13. Nb3 Bd7 14. Qe2
Rac8 15. Rac1 Rfe8 16. Nc5 Bc6 17. a3 a5 18. b4 axb4 19. Qb2 b3 20. Rc3 Qc7 21.
g3 Nd7 22. Qxb3 Ra8 23. Rb1 Ra7 24. Qc2 Nxc5 25. Rxc5 g6 26. a4 Rea8 27. Bb5
Qe7 28. Qc3 Qd8 29. Rc1 Kg7 30. Kg2 Kg8 31. h4 h5 32. Rc2 Kh7 33. Qd2 Kg8 34.
Qc1 Kh7 35. R2c3 Qf6 36. Qe3 Ra5 37. Rb3 R5a7 38. Qc3 Qd8 39. Qe1 Qf6 40. Qc3
Qd8 41. Qe3 Qf6 42. Qd2 Qd8 43. Qb2 Kg8 44. Qc1 Kh7 45. Qe1 Qf6 46. Rb4 Qe7 47.
Qc3 Qd8 48. Qc2 Qe7 49. Bxc6 bxc6 50. Qb3 Qe8 51. Qc2 Qe7 52. Qb3 Qe8 53. Rc2
Kg7 54. Ra2 Ra5 55. Rb7 R8a7 56. Rxa7 Rxa7 57. Qb6 Qa8 58. a5 Ra6 59. Qb4 Qa7
60. Kf3 Qa8 61. Ke3 Ra7 62. Qa4 Ra6 63. Ra3 Qa7 64. Qb4 Qa8 65. Kd2 Ra7 66. Qa4
Ra6 67. Kc3 Qa7 68. Qb4 Qa8 69. Kc2 Qa7 70. Kb2 Qa8 71. Ka2 Ra7 72. Qa4 Ra6 73.
Qb4 Ra7 74. Qa4 Ra6 75. Ka1 Qa7 76. Qb4 Qa8 77. Ka2 1/2-1/2

[Event "Alberta-ch"]
[Site "Calgary  CAN"]
[Date "2021.08.01"]
[Round "3"]
[White "Vasic, Maxim"]
[Black "Haessel, Dale"]
[Result "0-1"]
[WhiteElo "2145"]
[BlackElo "1964"]
[PlyCount "50"]
[EventDate "2021.07.31"]
[EventType "tourn"]
[EventRounds "5"]
[EventCountry "CAN"]

1. b3 e5 2. Bb2 Nc6 3. e3 Nf6 4. Bb5 e4 5. f4 d5 6. c4 Bd7 7. Ne2 Nb4 8. Bxd7+
Nxd7 9. O-O Nd3 10. Bd4 c5 11. Bc3 Nb6 12. a4 a5 13. Na3 f5 14. Nb5 Qd7 15. Ng3
Kf7 16. Qh5+ g6 17. Qd1 Bg7 18. Bxg7 Kxg7 19. Qc2 Rhd8 20. Ne2 dxc4 21. bxc4
Kg8 22. Qc3 Qf7 23. Rab1 Nb4 24. Qe5 Nxc4 25. Qxc5 b6 0-1

[Event "Alberta-ch"]
[Site "Calgary  CAN"]
[Date "2021.08.01"]
[Round "4"]
[White "Haessel, Dale"]
[Black "Zhao, Ian"]
[Result "0-1"]
[WhiteElo "1964"]
[BlackElo "2300"]
[PlyCount "68"]
[EventDate "2021.07.31"]
[EventType "tourn"]
[EventRounds "5"]
[EventCountry "CAN"]

1. d4 Nf6 2. Bf4 e6 3. e3 c5 4. Nd2 Nc6 5. Ngf3 d5 6. c3 Be7 7. h3 Bd6 8. Bxd6
Qxd6 9. Bd3 O-O 10. O-O b6 11. Qe2 Bb7 12. Rad1 e5 13. dxe5 Nxe5 14. Nxe5 Qxe5
15. Ba6 Bc6 16. Bb5 Bb7 17. Ba6 Bc6 18. Bb5 Bxb5 19. Qxb5 Rfd8 20. a4 Qe6 21.
a5 Rab8 22. b4 d4 23. exd4 Nd5 24. Rfe1 Qg6 25. Nb1 cxb4 26. cxb4 Nf4 27. g3
Nxh3+ 28. Kg2 Nf4+ 29. Kf1 Nd5 30. Re5 Nf6 31. Nc3 Qg4 32. Ne2 Qf3 33. Re1 Ng4
34. Rf5 Ne3+ 0-1

[Event "Alberta-ch"]
[Site "Calgary  CAN"]
[Date "2021.08.01"]
[Round "4"]
[White "Malek, Omid"]
[Black "Ng, Gary"]
[Result "1/2-1/2"]
[WhiteElo "2284"]
[BlackElo "2325"]
[PlyCount "60"]
[EventDate "2021.07.31"]
[EventType "tourn"]
[EventRounds "5"]
[EventCountry "CAN"]

1. d4 d5 2. Nf3 Nf6 3. Bg5 Nbd7 4. e3 h6 5. Bh4 c5 6. c3 Qb6 7. Qc2 g6 8. Nbd2
Bg7 9. Be2 O-O 10. O-O Re8 11. Rfd1 g5 12. Bg3 Nh5 13. Nf1 Nxg3 14. Nxg3 Nf6
15. Ne5 Be6 16. dxc5 Qxc5 17. Nf5 Bxf5 18. Qxf5 e6 19. Qh3 Qc7 20. Ng4 Nxg4 21.
Qxg4 Rab8 22. e4 dxe4 23. Qxe4 Red8 24. a4 Qe5 25. Qxe5 Bxe5 26. Rxd8+ Rxd8 27.
Rd1 Rxd1+ 28. Bxd1 Kf8 29. h3 Ke7 30. Kf1 Kd6 1/2-1/2

[Event "Alberta-ch"]
[Site "Calgary  CAN"]
[Date "2021.08.01"]
[Round "4"]
[White "Vasic, Maxim"]
[Black "Banerjee, Bitan"]
[Result "0-1"]
[WhiteElo "2145"]
[BlackElo "2400"]
[PlyCount "70"]
[EventDate "2021.07.31"]
[EventType "tourn"]
[EventRounds "5"]
[EventCountry "CAN"]

1. b3 d5 2. Bb2 Bg4 3. g3 Nc6 4. Bg2 e5 5. d3 f6 6. c4 d4 7. Nf3 Bb4+ 8. Nfd2
a5 9. O-O Nh6 10. h3 Be6 11. Na3 Qd7 12. Kh2 Nf7 13. Nc2 Be7 14. a3 Ng5 15. h4
Nf7 16. b4 Rd8 17. b5 Nb8 18. Nb3 b6 19. a4 O-O 20. Rc1 c5 21. e3 Bd6 22. Nd2
f5 23. Qe2 Rde8 24. Rce1 Qd8 25. Bh3 Nd7 26. f3 dxe3 27. Nxe3 f4 28. Bxe6 Rxe6
29. Nd5 fxg3+ 30. Kg2 Nh6 31. f4 Nf5 32. Nf3 Rh6 33. fxe5 Nxh4+ 34. Kg1 g2 35.
exd6 gxf1=Q+ 0-1

[Event "Alberta-ch"]
[Site "Calgary  CAN"]
[Date "2021.08.02"]
[Round "5"]
[White "Banerjee, Bitan"]
[Black "Haessel, Dale"]
[Result "1-0"]
[WhiteElo "2400"]
[BlackElo "1964"]
[PlyCount "55"]
[EventDate "2021.07.31"]
[EventType "tourn"]
[EventRounds "5"]
[EventCountry "CAN"]

1. d4 d5 2. c4 c6 3. Nf3 Nf6 4. Nc3 e6 5. Bg5 dxc4 6. e4 b5 7. e5 h6 8. Bh4 g5
9. Nxg5 hxg5 10. Bxg5 Be7 11. exf6 Bxf6 12. Bxf6 Qxf6 13. g3 Bb7 14. Bg2 Na6
15. a4 b4 16. Ne4 Qe7 17. Qe2 f5 18. Nc5 Nxc5 19. dxc5 Qxc5 20. O-O-O e5 21.
Rhe1 Rxh2 22. Qxe5+ Qxe5 23. Rxe5+ Kf7 24. Rxf5+ Ke6 25. Be4 Rg8 26. Rf4 Rh5
27. Bf3 Re5 28. Bg4+ 1-0

[Event "Alberta-ch"]
[Site "Calgary  CAN"]
[Date "2021.08.02"]
[Round "5"]
[White "Ng, Gary"]
[Black "Vasic, Maxim"]
[Result "1-0"]
[WhiteElo "2325"]
[BlackElo "2145"]
[PlyCount "64"]
[EventDate "2021.07.31"]
[EventType "tourn"]
[EventRounds "5"]
[EventCountry "CAN"]

1. d4 d5 2. Bf4 c5 3. e3 Nc6 4. c3 Nf6 5. Nd2 e6 6. Ngf3 Be7 7. h3 O-O 8. Bd3
b6 9. O-O Bb7 10. Qe2 Rc8 11. Rad1 Bd6 12. Rfe1 Bxf4 13. exf4 cxd4 14. Nxd4
Nxd4 15. cxd4 Qd6 16. Qe3 Rc7 17. Nf3 Rfc8 18. Ne5 a5 19. a3 Bc6 20. f5 Ba4 21.
fxe6 Qxe6 22. Rc1 Rxc1 23. Rxc1 Rxc1+ 24. Qxc1 g6 25. Qc7 Nh5 26. Be2 Nf6 27.
Ba6 Ne8 28. Qa7 Qf6 29. Qa8 Qf4 30. Qxd5 b5 31. g3 Qf5 32. Bxb5 Nc7 1-0

[Event "Alberta-ch"]
[Site "Calgary  CAN"]
[Date "2021.08.02"]
[Round "5"]
[White "Zhao, Ian"]
[Black "Malek, Omid"]
[Result "1/2-1/2"]
[WhiteElo "2300"]
[BlackElo "2284"]
[PlyCount "54"]
[EventDate "2021.07.31"]
[EventType "tourn"]
[EventRounds "5"]
[EventCountry "CAN"]

1. Nf3 c5 2. e4 Nc6 3. d4 cxd4 4. Nxd4 Nf6 5. Nc3 e5 6. Ndb5 d6 7. Bg5 a6 8.
Na3 b5 9. Nd5 Be7 10. Bxf6 Bxf6 11. c4 b4 12. Nc2 a5 13. g3 O-O 14. Bg2 g6 15.
O-O Bg7 16. Qe2 Be6 17. Rfd1 Rc8 18. b3 Nd4 19. Nxd4 exd4 20. Qd3 Bxd5 21. exd5
Re8 22. a3 Rb8 23. a4 Rb7 24. Rac1 Rc7 25. Bf1 Kf8 26. Re1 Rxe1 27. Rxe1 Re7
1/2-1/2

[Event "Banff op"]
[Site "Banff CAN"]
[Date "2021.11.12"]
[Round "1.1"]
[White "Benjamin, Joel"]
[Black "Nechio, Douglas"]
[Result "1-0"]
[WhiteElo "2640"]
[BlackElo "1951"]
[Annotator "Rekhson,Vlad"]
[PlyCount "49"]
[EventDate "2021.11.12"]
[EventType "swiss"]
[EventRounds "6"]
[EventCountry "CAN"]

1. d4 Nf6 2. c4 g6 3. Nf3 Bg7 4. g3 O-O 5. Bg2 c6 6. O-O d5 7. Qb3 dxc4 8. Qxc4
Be6 9. Qa4 Nbd7 10. Nc3 Nb6 11. Qc2 Nbd5 12. Ng5 Bf5 13. e4 Nxc3 14. bxc3 Bd7
15. Re1 Ne8 16. Rb1 Nd6 17. Bf4 Nc4 18. Rxb7 Nb6 19. d5 h6 20. Nf3 g5 21. Be5
cxd5 22. exd5 f6 23. Bc7 Qc8 24. Rxe7 Qxb7 25. Qg6 1-0

[Event "Banff op"]
[Site "Banff CAN"]
[Date "2021.11.12"]
[Round "1.2"]
[White "Lin, Leo"]
[Black "Plotkin, Mark"]
[Result "1/2-1/2"]
[WhiteElo "1947"]
[BlackElo "2549"]
[PlyCount "138"]
[EventDate "2021.11.12"]
[EventType "swiss"]
[EventRounds "6"]
[EventCountry "CAN"]

1. e4 e5 2. Nf3 Nc6 3. d4 exd4 4. Nxd4 Nf6 5. Nxc6 bxc6 6. Bd3 d6 7. Nc3 g6 8.
Bg5 Bg7 9. O-O O-O 10. f4 h6 11. Bh4 g5 12. fxg5 Ng4 13. Be2 Ne3 14. Qd2 hxg5
15. Qxe3 gxh4 16. Kh1 Be6 17. Rad1 Qe7 18. Bd3 Rab8 19. Rb1 Be5 20. Ne2 c5 21.
b3 Kh7 22. Nf4 Qg5 23. Qf2 Rg8 24. Nxe6 fxe6 25. Qe2 Rg7 26. Bc4 Qg6 27. Rf3
Rbg8 28. Rh3 Qh6 29. Bxe6 Rxg2 30. Bxg8+ Rxg8 31. Qf2 Rg4 32. Qf5+ Qg6 33.
Qxg6+ Kxg6 34. Rg1 Kh5 35. Rxg4 Kxg4 36. Kg2 a5 37. a4 Bf4 38. Rd3 Be5 39. Rf3
Bxh2 40. Rf7 Be5 41. Rxc7 h3+ 42. Kh1 Kf4 43. Ra7 Bc3 44. Ra6 Ke5 45. Kh2 Bb4
46. Kxh3 c4 47. Rc6 cxb3 48. cxb3 Kxe4 49. Kg4 d5 50. Re6+ Kd3 51. Kf4 d4 52.
Rc6 Ke2 53. Rc2+ Kd1 54. Rc4 d3 55. Ke3 d2 56. Kd3 Bd6 57. Rd4 Be7 58. Rd7 Bb4
59. Rd5 Kc1 60. Ke2 Kc2 61. Rd3 Bc3 62. Rd5 Kxb3 63. Rxd2 Bxd2 64. Kxd2 Kxa4
65. Kc2 Ka3 66. Kb1 Kb3 67. Ka1 a4 68. Kb1 a3 69. Ka1 a2 1/2-1/2

[Event "Banff op"]
[Site "Banff CAN"]
[Date "2021.11.12"]
[Round "1.3"]
[White "Plotkin, Victor"]
[Black "Daniluk, Jim"]
[Result "1-0"]
[WhiteElo "2428"]
[BlackElo "1946"]
[PlyCount "92"]
[EventDate "2021.11.12"]
[EventType "swiss"]
[EventRounds "6"]
[EventCountry "CAN"]

1. e4 c5 2. Nf3 Nc6 3. Bb5 g6 4. O-O Bg7 5. Re1 Nf6 6. c3 O-O 7. h3 Ne8 8. d3
Nc7 9. Ba4 Ne6 10. Be3 d5 11. Qe2 dxe4 12. dxe4 Bd7 13. Bb3 b6 14. Na3 Na5 15.
Bd5 Rb8 16. Rad1 Qc7 17. Nb5 Bxb5 18. Qxb5 Nf4 19. Bb3 Rbd8 20. Bc2 Ne6 21.
Rxd8 Rxd8 22. Rd1 Rxd1+ 23. Bxd1 Nb7 24. Qe8+ Bf8 25. Ba4 Nd6 26. Qc6 Nc4 27.
Bc1 Ne5 28. Nxe5 Qxe5 29. Qd5 Qd6 30. Bb3 b5 31. Be3 c4 32. Bc2 Qxd5 33. exd5
Nc7 34. Bxa7 Nxd5 35. a4 b4 36. a5 bxc3 37. bxc3 Bg7 38. Bc5 Bxc3 39. a6 Nc7
40. a7 f5 41. Ba4 Be5 42. Kf1 Kf7 43. Bc6 c3 44. Ke2 c2 45. Kd2 Na6 46. a8=Q
Nxc5 1-0

[Event "Banff op"]
[Site "Banff CAN"]
[Date "2021.11.12"]
[Round "1.4"]
[White "Tolentino, Patrick"]
[Black "Cummings, David"]
[Result "1/2-1/2"]
[WhiteElo "1936"]
[BlackElo "2416"]
[PlyCount "108"]
[EventDate "2021.11.12"]
[EventType "swiss"]
[EventRounds "6"]
[EventCountry "CAN"]

1. e4 e5 2. Nf3 Nc6 3. Bb5 a6 4. Ba4 Nf6 5. O-O b5 6. Bb3 Bc5 7. c3 d6 8. d4
Bb6 9. h3 O-O 10. Be3 Rb8 11. Nbd2 h6 12. Bc2 Re8 13. Re1 exd4 14. cxd4 Nb4 15.
Bb1 c5 16. d5 a5 17. a3 Na6 18. b3 Nc7 19. Bd3 Ba6 20. Qc2 Nd7 21. Nf1 Rc8 22.
Qe2 f5 23. exf5 Nxd5 24. Bxb5 Bb7 25. N3d2 Kh8 26. Qd3 Ne5 27. Qc2 Rf8 28. Nc4
Nxc4 29. bxc4 Ne7 30. Ng3 d5 31. cxd5 Nxd5 32. Rad1 c4 33. Bxc4 Bxe3 34. fxe3
Qc7 35. Qb3 Nb6 36. Bf1 Qxg3 37. Qxb6 Be4 38. Qd6 Qg5 39. Qf4 Qxf5 40. Qxf5
Rxf5 41. Bd3 Bxd3 42. Rxd3 Rc2 43. Rf1 Rb5 44. Rf3 Rg5 45. Rf2 Rc1+ 46. Kh2 Re1
47. g4 Re5 48. Rf3 h5 49. Kg3 hxg4 50. hxg4 Re4 51. Kf2 Ra1 52. Rf4 Re5 53. Rf5
Re4 54. Rf4 Re5 1/2-1/2

[Event "Banff op"]
[Site "Banff CAN"]
[Date "2021.11.12"]
[Round "1.5"]
[White "Ginsburg, Mark"]
[Black "Zeggelaar, Mike"]
[Result "1-0"]
[WhiteElo "2414"]
[BlackElo "1920"]
[PlyCount "59"]
[EventDate "2021.11.12"]
[EventType "swiss"]
[EventRounds "6"]
[EventCountry "CAN"]

1. Nf3 Nf6 2. d4 g6 3. c4 Bg7 4. Nc3 O-O 5. e4 d6 6. Be2 e5 7. O-O Nc6 8. d5
Ne7 9. Bg5 h6 10. Bxf6 Bxf6 11. b4 Bg7 12. c5 f5 13. Nd2 f4 14. Bg4 Bf5 15.
exf5 gxf5 16. Bh3 e4 17. Rc1 f3 18. g3 Bxc3 19. Rxc3 Nxd5 20. Nxe4 Nxc3 21.
Nxc3 dxc5 22. Qxf3 cxb4 23. Nd5 Qd6 24. Bxf5 Kh8 25. Ne3 c6 26. Rd1 Qf6 27. Qf4
Rae8 28. Rd7 Re7 29. Rxe7 Qxe7 30. Qxh6+ 1-0

[Event "Banff op"]
[Site "Banff CAN"]
[Date "2021.11.12"]
[Round "1.6"]
[White "Dave, Bhavik"]
[Black "Ng, Gary"]
[Result "0-1"]
[WhiteElo "1891"]
[BlackElo "2368"]
[PlyCount "48"]
[EventDate "2021.11.12"]
[EventType "swiss"]
[EventRounds "6"]
[EventCountry "CAN"]

1. d4 Nf6 2. Nf3 e6 3. g3 b5 4. Bg2 Bb7 5. b3 c5 6. Bb2 Be7 7. O-O O-O 8. Nbd2
cxd4 9. Bxd4 Nc6 10. Bb2 Qb6 11. c4 d5 12. cxd5 Nxd5 13. e3 Rfd8 14. Nd4 Bf6
15. Ne4 Bxd4 16. exd4 Rac8 17. Nc5 Ba8 18. Bxd5 Rxd5 19. Qg4 Rcd8 20. Rad1 e5
21. Ne4 Nxd4 22. Nc3 f5 23. Nxd5 fxg4 24. Bxd4 Qb7 0-1

[Event "Banff op"]
[Site "Banff CAN"]
[Date "2021.11.12"]
[Round "1.8"]
[White "Wu, Charles"]
[Black "Gedajlovic, Max"]
[Result "0-1"]
[WhiteElo "1869"]
[BlackElo "2329"]
[PlyCount "84"]
[EventDate "2021.11.12"]
[EventType "swiss"]
[EventRounds "6"]
[EventCountry "CAN"]

1. d4 e6 2. Bf4 Nf6 3. e3 c5 4. Nf3 d5 5. Nbd2 Nc6 6. c3 Bd6 7. Bg3 O-O 8. Bd3
b6 9. Ne5 Bb7 10. f4 Ne7 11. Qb1 g6 12. Bf2 Ne8 13. O-O f6 14. Nef3 Qc8 15. a4
Ba6 16. Rc1 Bxd3 17. Qxd3 c4 18. Qc2 a6 19. b3 b5 20. axb5 axb5 21. Rxa8 Qxa8
22. Qb2 Qa3 23. Qxa3 Bxa3 24. Rc2 Bd6 25. Ra2 Nc7 26. Bh4 Nc6 27. b4 Kf7 28.
Bg3 Ke7 29. e4 Kd7 30. e5 fxe5 31. Nxe5+ Bxe5 32. fxe5 Na8 33. Nf1 Nb6 34. Ne3
Na4 35. Rc2 Nxc3 36. Rxc3 Nxd4 37. Ra3 Ne2+ 38. Kh1 d4 39. Bh4 dxe3 40. h3 c3
41. Ra7+ Kc6 42. Be7 c2 0-1

[Event "Banff op"]
[Site "Banff CAN"]
[Date "2021.11.12"]
[Round "1.9"]
[White "Findlay, Ian"]
[Black "Wu, Nathan"]
[Result "0-1"]
[WhiteElo "2316"]
[BlackElo "1868"]
[PlyCount "76"]
[EventDate "2021.11.12"]
[EventType "swiss"]
[EventRounds "6"]
[EventCountry "CAN"]

1. e4 d5 2. exd5 Qxd5 3. Nc3 Qd6 4. d4 c6 5. Nf3 Bg4 6. Be3 Nf6 7. h3 Bh5 8. g4
Bg6 9. Ne5 Nbd7 10. Nxg6 hxg6 11. Bg2 e6 12. Qf3 Qc7 13. O-O-O Nb6 14. Kb1 Nc4
15. Bc1 Nd5 16. Ne4 Be7 17. b3 Qb6 18. Qd3 Na3+ 19. Bxa3 Bxa3 20. c4 Nf4 21.
Qf3 Qc7 22. h4 Nxg2 23. Qxg2 Be7 24. Qf3 a5 25. h5 g5 26. d5 cxd5 27. cxd5 exd5
28. Rxd5 Qf4 29. Qxf4 gxf4 30. Rc1 O-O 31. Rc7 Ba3 32. Rb5 Rfd8 33. Kc2 Rd4 34.
f3 b6 35. Rxb6 Rad8 36. Rbb7 Rd1 37. b4 a4 38. Nd2 Rc1# 0-1

[Event "Banff op"]
[Site "Banff CAN"]
[Date "2021.11.12"]
[Round "1.10"]
[White "Koperski, Dustin"]
[Black "Malek, Omid"]
[Result "0-1"]
[WhiteElo "1841"]
[BlackElo "2305"]
[PlyCount "60"]
[EventDate "2021.11.12"]
[EventType "swiss"]
[EventRounds "6"]
[EventCountry "CAN"]

1. e4 g6 2. d4 Bg7 3. Nc3 d6 4. Be3 a6 5. Be2 b5 6. a3 Bb7 7. Nf3 Nd7 8. O-O
Rc8 9. Qd2 c5 10. d5 Ngf6 11. h3 b4 12. axb4 cxb4 13. Na4 Nxe4 14. Qxb4 Bxd5
15. Bxa6 Rb8 16. Bb5 O-O 17. c4 Ba8 18. Rfd1 Qc7 19. Rac1 Ndc5 20. Nxc5 Nxc5
21. Ne1 e5 22. Rxd6 Qxd6 23. Bxc5 Qf6 24. Bxf8 Bxf8 25. Qd2 Bc5 26. Nd3 Rd8 27.
Rf1 Qf5 28. b4 Rxd3 29. Qa2 Bxg2 30. bxc5 Qxh3 0-1

[Event "Banff op"]
[Site "Banff CAN"]
[Date "2021.11.12"]
[Round "1.11"]
[White "MacKinnon, Keith"]
[Black "Wu, Jonathan"]
[Result "1-0"]
[WhiteElo "2259"]
[BlackElo "1833"]
[PlyCount "71"]
[EventDate "2021.11.12"]
[EventType "swiss"]
[EventRounds "6"]
[EventCountry "CAN"]

1. c4 c6 2. Nf3 d5 3. e3 Nf6 4. Nc3 Bg4 5. cxd5 cxd5 6. Qb3 Bxf3 7. Qxb7 Nbd7
8. gxf3 Qc8 9. Ba6 Nb6 10. Qxc8+ Nxc8 11. Bb7 Rb8 12. Bc6+ Kd8 13. Nxd5 Nxd5
14. Bxd5 e6 15. Bb3 g6 16. d4 Bg7 17. Bd2 Nb6 18. Rc1 Re8 19. Ke2 Rc8 20. Kd3
Re7 21. e4 Rd7 22. Bg5+ f6 23. Be3 Rd6 24. Rxc8+ Kxc8 25. h4 f5 26. h5 g5 27.
h6 Bf6 28. Rc1+ Kb7 29. Rc5 Nd7 30. Rb5+ Kc7 31. Ke2 Bxd4 32. Bxd4 Rxd4 33.
Bxe6 fxe4 34. Rxg5 Nf6 35. Rf5 exf3+ 36. Kxf3 1-0

[Event "Banff op"]
[Site "Banff CAN"]
[Date "2021.11.12"]
[Round "1.13"]
[White "Haessel, Dale"]
[Black "Suominen, David"]
[Result "1-0"]
[WhiteElo "2216"]
[BlackElo "1817"]
[PlyCount "65"]
[EventDate "2021.11.12"]
[EventType "swiss"]
[EventRounds "6"]
[EventCountry "CAN"]

1. d4 d5 2. c4 dxc4 3. e4 e5 4. Nf3 exd4 5. Bxc4 Nc6 6. O-O Be6 7. Bb5 Bc5 8.
b4 Bb6 9. Bb2 Nge7 10. Nxd4 Bxd4 11. Bxd4 O-O 12. Bc3 Qxd1 13. Rxd1 Rfd8 14.
Nd2 a6 15. Bf1 Rd7 16. Nb3 Rxd1 17. Rxd1 Bxb3 18. axb3 Rd8 19. Rxd8+ Nxd8 20.
b5 axb5 21. Bxb5 Ne6 22. f3 c6 23. Bd3 Kf8 24. Kf2 c5 25. Ke3 Nc6 26. Bc4 Ncd4
27. g3 b5 28. Bd5 Ke7 29. f4 f5 30. Bxe6 Nxe6 31. exf5 Nc7 32. Bxg7 Kf7 33. Be5
1-0

[Event "Banff op"]
[Site "Banff CAN"]
[Date "2021.11.12"]
[Round "1.14"]
[White "May, Liam"]
[Black "Jung, Hans"]
[Result "0-1"]
[WhiteElo "1811"]
[BlackElo "2210"]
[PlyCount "54"]
[EventDate "2021.11.12"]
[EventType "swiss"]
[EventRounds "6"]
[EventCountry "CAN"]

1. Nf3 Nf6 2. g3 d5 3. c4 d4 4. b4 a5 5. Qa4+ Bd7 6. b5 c5 7. Bg2 Qc7 8. e3 e5
9. O-O Bd6 10. exd4 exd4 11. Re1+ Kf8 12. d3 Bf5 13. Qd1 Nbd7 14. Nh4 Bg4 15.
Qb3 h6 16. Nd2 g5 17. Nhf3 Kg7 18. Ne4 Nxe4 19. dxe4 Bxf3 20. Qxf3 Ne5 21. Qf5
Qc8 22. Bf1 Qxf5 23. exf5 Nf3+ 24. Kh1 Nxe1 25. Be2 Rhe8 26. Bg4 Nd3 27. Bd2
Nxf2+ 0-1